Các phép tính vi - tích phân Itô và quá trình ngẫu nhiên Itô : Luận văn tốt nghiệp Cao học. Chuyên ngành Lý thuyết xác suất và Thống kê toán học
Đề tài trình bày một cách có hệ thống các kiến thức cơ bản liên quan đến các phép tính vi - tích phân Itô và quá trình ngẫu nhiên Itô dựa trên quá trình Wiener.
Đã lưu trong:
| Príomhúdar: | |
|---|---|
| Formáid: | Leabhar |
| Teanga: | Undetermined |
| Foilsithe: |
Cần Thơ
Trường Đại học Cần Thơ
2015
|
| Ábhair: | |
| Clibeanna: |
Cuir Clib Leis
Gan Chlibeanna, Bí ar an gcéad duine leis an taifead seo a chlibeáil!
|
| Thư viện lưu trữ: | Trung tâm Học liệu Trường Đại học Cần Thơ |
|---|
| LEADER | 01077nam a2200205Ia 4500 | ||
|---|---|---|---|
| 001 | CTU_203674 | ||
| 008 | 210402s9999 xx 000 0 und d | ||
| 082 | |a 519.22 | ||
| 082 | |b Đ254 | ||
| 100 | |a Trần, Ngọc Đến | ||
| 245 | 0 | |a Các phép tính vi - tích phân Itô và quá trình ngẫu nhiên Itô : | |
| 245 | 0 | |b Luận văn tốt nghiệp Cao học. Chuyên ngành Lý thuyết xác suất và Thống kê toán học | |
| 245 | 0 | |c Trần Ngọc Đến ; Dương Tôn Đảm (Cán bộ hướng dẫn) | |
| 260 | |a Cần Thơ | ||
| 260 | |b Trường Đại học Cần Thơ | ||
| 260 | |c 2015 | ||
| 520 | |a Đề tài trình bày một cách có hệ thống các kiến thức cơ bản liên quan đến các phép tính vi - tích phân Itô và quá trình ngẫu nhiên Itô dựa trên quá trình Wiener. | ||
| 650 | |a Giải tích ngẫu nhiên,Stochastic analysis | ||
| 904 | |i Hải | ||
| 980 | |a Trung tâm Học liệu Trường Đại học Cần Thơ | ||